The CIM handbook of export marketing.
| Main Author: | |
|---|---|
| Corporate Author: | |
| Format: | Book |
| Published: |
Oxford:
Butterworth-Heinemann,
1996.
|
| Subjects: |
| LEADER | 00513cam a2200169 7i4500 | ||
|---|---|---|---|
| 001 | 0000006249 | ||
| 005 | 19991025090000.0 | ||
| 002 | ##000007921 | ||
| 020 | 0 | 0 | |a 0 7506 2573 2 |
| 090 | 0 | 0 | |a B 658.848 |b NOO |
| 100 | 0 | 0 | |a Noonan |
| 245 | 0 | 0 | |a The CIM handbook of export marketing. |
| 260 | 0 | 0 | |a Oxford: |b Butterworth-Heinemann, |c 1996. |
| 300 | 0 | 0 | |a 583 p. |
| 650 | 0 | 0 | |a Export marketing -- |x Handbooks,manuals, etc |
| 710 | 0 | 0 | |a The Chartered Institute of Marketing |
| 999 | |a 0000009146 |b Book |c Open shelf |e Business Information Centre | ||